000
00340nam a2200145Ia 4500
008
150201s2009 xx 000 0 und d
082
_a
610
_b
M09H
100
_a
HOSSAIN & GUPTA
245
_a
TB. OF MEDICINE
250
_a
1ST
260
_b
AITBS
_a
DELHI
_c
2009
300
_a
1-717
650
_a
MEDICINE AND DIAGNOSIS
942
_2
ddc
_c
BK
_0
14
999
_c
1278
_d
1278